MARC details
| 000 -LEADER |
| fixed length control field |
02020cgm a2200505Ma 4500 |
| 001 - CONTROL NUMBER |
| control field |
ocn191219585 |
| 003 - CONTROL NUMBER IDENTIFIER |
| control field |
OCoLC |
| 005 - DATE AND TIME OF LATEST TRANSACTION |
| control field |
20241220111049.0 |
| 008 - FIXED-LENGTH DATA ELEMENTS--GENERAL INFORMATION |
| fixed length control field |
010823p20012000cau103 g vleng d |
| 007 - PHYSICAL DESCRIPTION FIXED FIELD--GENERAL INFORMATION |
| fixed length control field |
vd cgaizq |
| 040 ## - CATALOGING SOURCE |
| Original cataloging agency |
FLQ |
| Transcribing agency |
FLQ |
| Modifying agency |
OCLCQ |
| -- |
UINTA |
| 020 ## - INTERNATIONAL STANDARD BOOK NUMBER |
| International Standard Book Number |
0788826883 |
| 020 ## - INTERNATIONAL STANDARD BOOK NUMBER |
| International Standard Book Number |
9780788826887 |
| 024 1# - OTHER STANDARD IDENTIFIER |
| Standard number or code |
786936144758 |
| 028 42 - PUBLISHER NUMBER |
| Publisher number |
21654 |
| Source |
Touchstone Home Video |
| 035 ## - SYSTEM CONTROL NUMBER |
| System control number |
(OCoLC)191219585 |
| 041 0# - LANGUAGE CODE |
| Language code of text/sound track or separate title |
eng |
| Language code of summary or abstract/overprinted title or subtitle |
engspa |
| 050 14 - LIBRARY OF CONGRESS CALL NUMBER |
| Classification number |
PN1995.9.C55 |
| Item number |
O27 2001b |
| 082 04 - DEWEY DECIMAL CLASSIFICATION NUMBER |
| Classification number |
791.43/72 |
| Edition number |
21 |
| 049 ## - LOCAL HOLDINGS (OCLC) |
| Holding library |
UCLB |
| 082 ## - DEWEY DECIMAL CLASSIFICATION NUMBER |
| Classification number |
791.437 |
| 092 ## - LOCALLY ASSIGNED DEWEY CALL NUMBER (OCLC) |
| Classification number |
791.437 |
| 245 00 - TITLE STATEMENT |
| Title |
O brother, where art thou? |
| Medium |
[videorecording] / |
| Statement of responsibility, etc |
Working Title ; produced by Ethan Coen ; written by Ethan Coen and Joel Coen ; directed by Joel Coen. |
| 250 ## - EDITION STATEMENT |
| Edition statement |
Widescreen. |
| 260 ## - PUBLICATION, DISTRIBUTION, ETC. (IMPRINT) |
| Place of publication, distribution, etc |
Burbank, CA : |
| Name of publisher, distributor, etc |
Touchstone Home Video : |
| -- |
Distributed by Buena Vista Home Video, |
| Date of publication, distribution, etc |
c2001. |
| 300 ## - PHYSICAL DESCRIPTION |
| Extent |
1 videodisc (103 min.) : |
| Other physical details |
sd., col. ; |
| Dimensions |
4 3/4 in. |
| 500 ## - GENERAL NOTE |
| General note |
Loosely based on The odyssey / Homer. |
| 500 ## - GENERAL NOTE |
| General note |
Features: behind-the-scenes featurette, storyboard-to-scene comparisons, music video, animated menus, and theatrical trailer. |
| 508 ## - CREATION/PRODUCTION CREDITS NOTE |
| Creation/production credits note |
Director of photography, Roger Deakins; production design, Dennis Gassner; music, T. Bone Burnett. |
| 511 1# - PARTICIPANT OR PERFORMER NOTE |
| Participant or performer note |
George Clooney, John Turturro, Tim Blake Nelson, Michael Badalucco, John Goodman. |
| 520 ## - SUMMARY, ETC. |
| Summary, etc |
Three convicts escape the chain gang to find a stolen treasure, but end up having a series of strange adventures. |
| 521 8# - TARGET AUDIENCE NOTE |
| Target audience note |
MPAA rating: PG-13. |
| 538 ## - SYSTEM DETAILS NOTE |
| System details note |
DVD Dolby digital DTS and stereo surround. |
| 540 ## - TERMS GOVERNING USE AND REPRODUCTION NOTE |
| Terms governing use and reproduction |
For private home use only. |
| 546 ## - LANGUAGE NOTE |
| Language note |
In English with Spanish subtitles. |
| 546 ## - LANGUAGE NOTE |
| Language note |
Closed-captioned. |
| 600 00 - SUBJECT ADDED ENTRY--PERSONAL NAME |
| Personal name |
Homer |
| Form subdivision |
Film and video adaptations. |
| 9 (RLIN) |
6144774 |
| 650 #0 - SUBJECT ADDED ENTRY--TOPICAL TERM |
| Topical term or geographic name as entry element |
Criminals |
| Form subdivision |
Drama. |
| 9 (RLIN) |
5748142 |
| 650 #0 - SUBJECT ADDED ENTRY--TOPICAL TERM |
| Topical term or geographic name as entry element |
DVD recording. |
| 9 (RLIN) |
5854765 |
| 650 #0 - SUBJECT ADDED ENTRY--TOPICAL TERM |
| Topical term or geographic name as entry element |
Comedy films. |
| 9 (RLIN) |
6114550 |
| 650 #0 - SUBJECT ADDED ENTRY--TOPICAL TERM |
| Topical term or geographic name as entry element |
Video recordings for the hearing impaired. |
| 9 (RLIN) |
6114551 |
| 942 ## - ADDED ENTRY ELEMENTS (KOHA) |
| Koha item type |
DVD |
| 994 ## - |
| -- |
C0 |
| -- |
UINTA |
| 998 ## - LOCAL CONTROL INFORMATION (RLIN) |
| -- |
a36041 |